[Event "36. Copenhagen Open (Politiken Cup)"]
[Site "Elsinore"]
[Date "2014.07.25"]
[Round "6"]
[White "Schandorff, Lars"]
[Black "Ochsner, Bjorn Moller"]
[Result "1-0"]
[WhiteElo "2529"]
[BlackElo "2318"]
[PlyCount "75"]
[EventDate "2014.07.21"]
[EventType "swiss"]
[EventRounds "10"]
[EventCountry "DEN"]
[Source "ChessBase"]
[SourceDate "2014.08.29"]

1. d4 Nf6 2. c4 e6 3. Nf3 b6 4. g3 Bb7 5. Bg2 Be7 6. O-O O-O 7. Nc3 Ne4 8. Bd2
Bf6 9. Ne5 Nxc3 10. Bxc3 Bxg2 11. Kxg2 d5 12. Ng4 dxc4 13. Nxf6+ Qxf6 14. Qa4
Qf5 15. Qxc4 Qd5+ 16. Qxd5 exd5 17. Rac1 Re8 18. Rc2 a5 19. Rfc1 Na6 20. Kf1
Re6 21. Bd2 Rc8 22. a3 a4 23. Bf4 c5 24. dxc5 bxc5 25. Rd1 Rd8 26. Rc4 Rxe2 27.
Kxe2 Re8+ 28. Kd3 dxc4+ 29. Kxc4 g5 30. Bxg5 Re4+ 31. Kd5 Re8 32. Kc6 Kg7 33.
Rd6 c4 34. Bh6+ Kg8 35. Kb6 Nb8 36. Kc7 f5 37. Rf6 f4 38. Bxf4 1-0

[Event "36. Copenhagen Open (Politiken Cup)"]
[Site "Elsinore"]
[Date "2014.07.25"]
[Round "6"]
[White "Schroeder, Jan Christian"]
[Black "Ramirez, Alejandro"]
[Result "1/2-1/2"]
[WhiteElo "2370"]
[BlackElo "2580"]
[PlyCount "48"]
[EventDate "2014.07.21"]
[EventType "swiss"]
[EventRounds "10"]
[EventCountry "DEN"]
[Source "ChessBase"]
[SourceDate "2014.08.29"]

1. e4 c5 2. Nf3 Nc6 3. d4 cxd4 4. Nxd4 Nf6 5. Nc3 d6 6. Be2 g6 7. O-O Bg7 8.
Nb3 O-O 9. Re1 Be6 10. Bf1 a5 11. a4 Rc8 12. Nd5 Bxd5 13. exd5 Nb4 14. c4 Nd7
15. Bg5 Bf6 16. Bh6 Bg7 17. Bg5 Bf6 18. Bh6 Re8 19. Qd2 b6 20. Nd4 Bg7 21. Ra3
Bf6 22. Rg3 Nc5 23. b3 e5 24. dxe6 fxe6 1/2-1/2

[Event "36. Copenhagen Open (Politiken Cup)"]
[Site "Elsinore"]
[Date "2014.07.25"]
[Round "6"]
[White "Seegers, Hendrik"]
[Black "Taksrud, Vidar"]
[Result "1-0"]
[WhiteElo "2196"]
[BlackElo "2024"]
[PlyCount "117"]
[EventDate "2014.07.21"]
[EventType "swiss"]
[EventRounds "10"]
[EventCountry "DEN"]
[Source "ChessBase"]
[SourceDate "2014.08.29"]

1. d4 d5 2. Bf4 e6 3. e3 Bd6 4. Bg3 Nf6 5. Nd2 c6 6. Bd3 Qe7 7. Ngf3 b6 8. Qe2
Nfd7 9. Bh4 f6 10. e4 e5 11. O-O-O exd4 12. Nxd4 Nc5 13. Rhe1 O-O 14. exd5 Qxe2
15. Bxe2 cxd5 16. Bf3 Bb7 17. Nf5 Be5 18. Nf1 Nba6 19. c3 Nc7 20. Ne7+ Kf7 21.
Nxd5 Nxd5 22. Bxd5+ Bxd5 23. Rxd5 a5 24. Kc2 a4 25. Bg3 Bxg3 26. Nxg3 Rfd8 27.
Red1 Rxd5 28. Rxd5 Ke6 29. c4 g6 30. Ne2 Ke7 31. f3 Ne6 32. Kc3 Nc7 33. Rd3 b5
34. Nf4 bxc4 35. Kxc4 Rc8 36. Kb4 Rb8+ 37. Ka3 Na6 38. Rd4 Nc5 39. Nd3 Nxd3 40.
Rxd3 Rc8 41. Rd2 Rc4 42. b4 axb3 43. axb3 Rc7 44. b4 Ra7+ 45. Kb3 Rb7 46. Kc4
Rc7+ 47. Kb5 Rb7+ 48. Kc5 Rc7+ 49. Kb6 Rc3 50. b5 h5 51. Kb7 h4 52. h3 g5 53.
b6 f5 54. Ka8 Ra3+ 55. Kb8 g4 56. fxg4 fxg4 57. hxg4 Rg3 58. b7 Rxg4 59. Ra2
1-0

[Event "36. Copenhagen Open (Politiken Cup)"]
[Site "Elsinore"]
[Date "2014.07.25"]
[Round "6"]
[White "Semcesen, Daniel"]
[Black "Bach, Matthias"]
[Result "1-0"]
[WhiteElo "2471"]
[BlackElo "2224"]
[PlyCount "89"]
[EventDate "2014.07.21"]
[EventType "swiss"]
[EventRounds "10"]
[EventCountry "DEN"]
[Source "ChessBase"]
[SourceDate "2014.08.29"]

1. d4 d6 2. Nf3 Nd7 3. c4 c5 4. Nc3 cxd4 5. Nxd4 b6 6. e4 Bb7 7. Be3 Ngf6 8. f3
g6 9. Be2 Bg7 10. O-O O-O 11. Qd2 Re8 12. Rfd1 Ne5 13. Rac1 Nfd7 14. Kh1 Rc8
15. b3 Qc7 16. Nd5 Qb8 17. Bg5 f6 18. Be3 e6 19. Nf4 Nf8 20. b4 Nf7 21. Nb3
Rcd8 22. Bf1 Bh6 23. Nh5 Bg7 24. Nxg7 Kxg7 25. a4 f5 26. exf5 gxf5 27. a5 Ba8
28. axb6 axb6 29. Qd4+ e5 30. Qxb6 f4 31. Bf2 Qxb6 32. Bxb6 Rb8 33. Ba5 Ng5 34.
Rxd6 e4 35. fxe4 Nxe4 36. Ra6 Ng6 37. Nd4 Nh4 38. b5 f3 39. gxf3 Ng5 40. Bg2
Rg8 41. Bc3 Kf7 42. Nc6 Bxc6 43. Rxc6 Nxg2 44. Kxg2 Ne6+ 45. Kf2 1-0

[Event "36. Copenhagen Open (Politiken Cup)"]
[Site "Elsinore"]
[Date "2014.07.25"]
[Round "6"]
[White "Skjoldager, Mikael"]
[Black "Skjoldager, Flemming"]
[Result "1-0"]
[WhiteElo "2078"]
[BlackElo "1882"]
[PlyCount "39"]
[EventDate "2014.07.21"]
[EventType "swiss"]
[EventRounds "10"]
[EventCountry "DEN"]
[Source "ChessBase"]
[SourceDate "2014.08.29"]

1. e4 c6 2. d4 d5 3. Nc3 dxe4 4. Nxe4 Nd7 5. Ng5 Ngf6 6. Bd3 g6 7. Qe2 Bg7 8.
N1f3 O-O 9. Bd2 c5 10. c3 h6 11. Nxf7 Kxf7 12. Bc4+ Ke8 13. Qd3 e6 14. Qxg6+
Rf7 15. Bxe6 Qe7 16. O-O Qxe6 17. Rfe1 Nf8 18. Qd3 Kd8 19. Rxe6 Nxe6 20. Ne5
1-0

[Event "36. Copenhagen Open (Politiken Cup)"]
[Site "Elsinore"]
[Date "2014.07.25"]
[Round "6"]
[White "Skjoldager, Per"]
[Black "Jensen, Soren"]
[Result "1-0"]
[WhiteElo "2131"]
[BlackElo "1922"]
[PlyCount "69"]
[EventDate "2014.07.21"]
[EventType "swiss"]
[EventRounds "10"]
[EventCountry "DEN"]
[Source "ChessBase"]
[SourceDate "2014.08.29"]

1. e4 e5 2. Nf3 Nc6 3. Bc4 Bc5 4. c3 Nf6 5. d3 d6 6. Bb3 Be6 7. Bc2 d5 8. Qe2
dxe4 9. dxe4 a6 10. O-O Qe7 11. Bg5 h6 12. Bh4 Bg4 13. h3 Bd7 14. b4 Bd6 15. a4
O-O 16. Nbd2 b5 17. Rfd1 Rab8 18. Nf1 Nd8 19. Ne3 c6 20. Qd2 Nb7 21. axb5 axb5
22. Bxf6 Qxf6 23. Ra7 Bxh3 24. Rxb7 Rbd8 25. Qe2 Bc8 26. Ra7 g5 27. Nf5 Bxf5
28. exf5 e4 29. Nd4 Bxb4 30. cxb4 Rxd4 31. Rxd4 Qxd4 32. Qxe4 Qf6 33. Rc7 Rd8
34. Rxc6 Rd6 35. Qe8+ 1-0

[Event "36. Copenhagen Open (Politiken Cup)"]
[Site "Elsinore"]
[Date "2014.07.25"]
[Round "6"]
[White "Skou, Niels"]
[Black "Liedbeck, Patrik"]
[Result "1/2-1/2"]
[WhiteElo "2141"]
[BlackElo "1858"]
[PlyCount "59"]
[EventDate "2014.07.21"]
[EventType "swiss"]
[EventRounds "10"]
[EventCountry "DEN"]
[Source "ChessBase"]
[SourceDate "2014.08.29"]

1. e4 c5 2. Nf3 d6 3. g3 Nc6 4. Bg2 g6 5. O-O Bg7 6. d3 e6 7. c3 Nge7 8. Nbd2
b5 9. Qc2 b4 10. Re1 Rb8 11. Nc4 Ba6 12. Bd2 O-O 13. Rad1 Qc7 14. h4 Rfd8 15.
b3 d5 16. exd5 Nxd5 17. cxb4 Ndxb4 18. Bxb4 Nxb4 19. Qb1 Nxd3 20. Rxd3 Bxc4 21.
Rxd8+ Qxd8 22. Qc2 Bd5 23. Qxc5 Bxf3 24. Bxf3 Bd4 25. Qc6 Rc8 26. Qe4 Qb6 27.
Re2 Qd6 28. Kg2 Qb6 29. h5 Rc1 30. a4 1/2-1/2

[Event "36. Copenhagen Open (Politiken Cup)"]
[Site "Elsinore"]
[Date "2014.07.25"]
[Round "6"]
[White "Smerdon, David"]
[Black "Neffe, Axel"]
[Result "1-0"]
[WhiteElo "2519"]
[BlackElo "2252"]
[PlyCount "49"]
[EventDate "2014.07.21"]
[EventType "swiss"]
[EventRounds "10"]
[EventCountry "DEN"]
[Source "ChessBase"]
[SourceDate "2014.08.29"]

1. e4 e5 2. f4 Bc5 3. Nf3 d6 4. Bc4 Nf6 5. d3 c6 6. Nc3 Nbd7 7. Qe2 b5 8. Bb3
Qe7 9. a4 b4 10. Nd1 g6 11. Rf1 h6 12. fxe5 dxe5 13. Ne3 Ba6 14. Nc4 O-O-O 15.
Bd2 Rdf8 16. O-O-O Ne8 17. d4 exd4 18. Bf4 Nc7 19. Nxd4 Nb8 20. Qg4+ Kb7 21.
Qg3 Rh7 22. Kb1 g5 23. Bd6 Bxd6 24. Nxd6+ Ka8 25. N6f5 1-0

[Event "36. Copenhagen Open (Politiken Cup)"]
[Site "Elsinore"]
[Date "2014.07.25"]
[Round "6"]
[White "Smirnov, Anton"]
[Black "Gao, Rui"]
[Result "1/2-1/2"]
[WhiteElo "2334"]
[BlackElo "2529"]
[PlyCount "172"]
[EventDate "2014.07.21"]
[EventType "swiss"]
[EventRounds "10"]
[EventCountry "DEN"]
[Source "ChessBase"]
[SourceDate "2014.08.29"]

1. e4 c5 2. Nf3 d6 3. d4 cxd4 4. Nxd4 Nf6 5. Nc3 a6 6. Be3 e5 7. Nb3 Be6 8. h3
Nc6 9. Qf3 Rc8 10. O-O-O Nb4 11. a3 Na2+ 12. Nxa2 Bxb3 13. Nc3 Be6 14. Bg5 Be7
15. Bxf6 Bxf6 16. Nd5 Bg5+ 17. Kb1 Rc5 18. Be2 Qc8 19. c3 Bxd5 20. Rxd5 Rxd5
21. exd5 O-O 22. Qg4 Qxg4 23. hxg4 g6 24. Bd3 Kg7 25. f3 Rc8 26. Kc2 h6 27. a4
a5 28. Be4 Be3 29. Kd3 Bc5 30. Ke2 Ba7 31. Bd3 Rc5 32. Be4 Rc4 33. Bc2 Bb6 34.
Rh3 Bd8 35. Rh1 Bg5 36. Ra1 Rc5 37. Be4 Bd8 38. Rh1 Bb6 39. Rh3 Rc4 40. Bc2 Ba7
41. Rh1 Rc7 42. Bd3 Bb6 43. Bc2 Rc8 44. Bd3 Rh8 45. b4 Rc8 46. bxa5 Bxa5 47. c4
b6 48. Rh4 Bb4 49. Kd1 Ra8 50. Bc2 Bc5 51. Ke2 Bd4 52. Rh1 Rc8 53. Bd3 Rh8 54.
g3 Kf6 55. Kf1 Kg5 56. Kg2 f5 57. gxf5 gxf5 58. Rf1 Kf6 59. g4 fxg4 60. fxg4+
Kg7 61. Rf5 Ra8 62. Bc2 Rc8 63. Bd3 e4 64. Be2 Bf6 65. Rf1 Ra8 66. Bd1 Bg5 67.
Bc2 Rc8 68. Bb3 e3 69. Kf3 Re8 70. Bc2 e2 71. Re1 Re3+ 72. Kf2 Rc3 73. Rxe2
Rxc4 74. Kf3 Rf4+ 75. Kg3 Rd4 76. Re6 Rxd5 77. Rg6+ Kf8 78. Rg8+ Ke7 79. Rb8
Be3 80. Kf3 Re5 81. Be4 Bc5 82. Rb7+ Kf6 83. Rh7 d5 84. Rxh6+ Kg7 85. Rh7+ Kg8
86. Bg6 Re6 1/2-1/2

[Event "36. Copenhagen Open (Politiken Cup)"]
[Site "Elsinore"]
[Date "2014.07.25"]
[Round "6"]
[White "Sorensen, Bernhard W"]
[Black "Lunde, Sigmund"]
[Result "0-1"]
[WhiteElo "1628"]
[BlackElo "1879"]
[PlyCount "66"]
[EventDate "2014.07.21"]
[EventType "swiss"]
[EventRounds "10"]
[EventCountry "DEN"]
[Source "ChessBase"]
[SourceDate "2014.08.29"]

1. e4 c5 2. Nf3 Nc6 3. d4 cxd4 4. Nxd4 d6 5. Nc3 Bd7 6. Be3 g6 7. Qd2 Bg7 8.
Bc4 h5 9. O-O-O a6 10. f4 Nf6 11. h3 b5 12. Bd5 Rc8 13. Nxc6 Bxc6 14. a3 Bxd5
15. Nxd5 Nxe4 16. Qd3 Nc5 17. Qe2 e6 18. Nb4 Qf6 19. c3 Qf5 20. Bxc5 dxc5 21.
Nxa6 Qxf4+ 22. Qd2 Bh6 23. Qxf4 Bxf4+ 24. Kc2 Rc6 25. Rhf1 g5 26. Rxf4 gxf4 27.
Nb8 Rc8 28. Nd7 Rd8 29. Nf6+ Ke7 30. Rxd8 Kxd8 31. Ne4 Rg8 32. Nf6 Rxg2+ 33.
Kb1 f3 0-1

[Event "36. Copenhagen Open (Politiken Cup)"]
[Site "Elsinore"]
[Date "2014.07.25"]
[Round "6"]
[White "Sorensen, Dick"]
[Black "Christiansen, Torsten Sundgaar"]
[Result "1/2-1/2"]
[WhiteElo "1977"]
[BlackElo "1793"]
[PlyCount "53"]
[EventDate "2014.07.21"]
[EventType "swiss"]
[EventRounds "10"]
[EventCountry "DEN"]
[Source "ChessBase"]
[SourceDate "2014.08.29"]

1. d4 d5 2. Nf3 e6 3. c4 Nf6 4. Nc3 c6 5. e3 Bd6 6. cxd5 exd5 7. Qc2 Nbd7 8.
Be2 O-O 9. O-O g6 10. Nd2 Qc7 11. f4 Re8 12. Nf3 Ng4 13. Ne5 Ndf6 14. h3 Nh6
15. g4 Nd7 16. Bd3 f5 17. Qg2 Nf8 18. Be2 Qe7 19. Bd2 Be6 20. g5 Nf7 21. h4
Rac8 22. h5 Bxe5 23. dxe5 Qb4 24. b3 Red8 25. Bf3 Qe7 26. Rfd1 Kg7 27. h6+
1/2-1/2

[Event "36. Copenhagen Open (Politiken Cup)"]
[Site "Elsinore"]
[Date "2014.07.25"]
[Round "6"]
[White "Starup, Leo"]
[Black "Nielsen, Leo"]
[Result "0-1"]
[WhiteElo "1594"]
[BlackElo "1737"]
[PlyCount "104"]
[EventDate "2014.07.21"]
[EventType "swiss"]
[EventRounds "10"]
[EventCountry "DEN"]
[Source "ChessBase"]
[SourceDate "2014.08.29"]

1. d4 d5 2. c4 c6 3. Nf3 e6 4. Nc3 Nf6 5. Bg5 Be7 6. e3 dxc4 7. Bxc4 Nd5 8.
Bxe7 Qxe7 9. O-O a6 10. a3 b5 11. Be2 Nd7 12. Rc1 Bb7 13. h3 O-O 14. Ne4 e5 15.
dxe5 Nxe5 16. Nc5 Nxf3+ 17. Bxf3 Rfd8 18. Qc2 Rd6 19. Rfd1 Rad8 20. Nxb7 Qxb7
21. Qc5 Qd7 22. e4 Ne7 23. Rxd6 Qxd6 24. Qxd6 Rxd6 25. Rd1 Rxd1+ 26. Bxd1 Kf8
27. f4 Nc8 28. e5 Ke7 29. g4 Nb6 30. Bb3 c5 31. Kf1 c4 32. Bc2 f6 33. exf6+
gxf6 34. f5 Na4 35. Ke2 Nxb2 36. Kd2 Na4 37. Bb1 h6 38. Bc2 Nb6 39. h4 Kd6 40.
Ke3 Ke5 41. h5 a5 42. Be4 b4 43. axb4 axb4 44. Bb1 Nd5+ 45. Kd2 Kf4 46. Bc2 b3
47. Bd1 c3+ 48. Kc1 b2+ 49. Kb1 Ne3 50. Ka2 Nxd1 51. g5 Kxg5 52. Kb1 Kxh5 0-1

[Event "36. Copenhagen Open (Politiken Cup)"]
[Site "Elsinore"]
[Date "2014.07.25"]
[Round "6"]
[White "Strachan, Christian C"]
[Black "Hansen, Ole Foss"]
[Result "0-1"]
[WhiteElo "1918"]
[BlackElo "1766"]
[PlyCount "76"]
[EventDate "2014.07.21"]
[EventType "swiss"]
[EventRounds "10"]
[EventCountry "DEN"]
[Source "ChessBase"]
[SourceDate "2014.08.29"]

1. e4 Nf6 2. e5 Nd5 3. d4 d6 4. Nf3 Bg4 5. Be2 e6 6. c4 Nb6 7. Nc3 Nc6 8. exd6
cxd6 9. b3 g6 10. h3 Bxf3 11. Bxf3 Bg7 12. Be3 Qf6 13. Ne4 Qe7 14. Qd2 Rd8 15.
Rd1 d5 16. Nc3 dxc4 17. Bxc6+ bxc6 18. Ne4 O-O 19. O-O Rd5 20. Nc3 Rd7 21. Qc2
Rfd8 22. Ne2 cxb3 23. axb3 Rc8 24. Rfe1 Qb4 25. Bd2 Qb5 26. Ra1 Qd5 27. Ra5 Qd6
28. Bf4 Qe7 29. Be3 Nd5 30. Rc5 Rd6 31. Ng3 f5 32. Ne2 Qh4 33. Rc1 f4 34. Bd2
f3 35. gxf3 Bxd4 36. Nxd4 Qxd4 37. Rc4 Qf6 38. Qe4 Qf5 0-1

[Event "36. Copenhagen Open (Politiken Cup)"]
[Site "Elsinore"]
[Date "2014.07.25"]
[Round "6"]
[White "Subramanian, Aditya"]
[Black "Rendlev, Niels Moller"]
[Result "1/2-1/2"]
[WhiteElo "1938"]
[BlackElo "1790"]
[PlyCount "145"]
[EventDate "2014.07.21"]
[EventType "swiss"]
[EventRounds "10"]
[EventCountry "DEN"]
[Source "ChessBase"]
[SourceDate "2014.08.29"]

1. d4 d5 2. Nf3 c6 3. e3 Bg4 4. b3 g6 5. Be2 Nf6 6. O-O Bg7 7. Bb2 O-O 8. c4 e6
9. h3 Bxf3 10. Bxf3 Na6 11. Nc3 Nc7 12. Qe2 Re8 13. Rfd1 Nd7 14. Qf1 f5 15.
Rac1 Nf6 16. b4 Ne4 17. Qd3 Qh4 18. Rc2 Rac8 19. a3 a6 20. Qe2 Rf8 21. Na4 Qe7
22. cxd5 exd5 23. g3 Ne8 24. Nc5 N8f6 25. Nd3 Nd7 26. Rdc1 Nb6 27. Ne5 Nd7 28.
Nxd7 Qxd7 29. a4 Rf6 30. Qd3 Nd6 31. Qb3 Nc4 32. Rxc4 dxc4 33. Qxc4+ Kh8 34. b5
axb5 35. axb5 Rff8 36. bxc6 bxc6 37. Bxc6 Qa7 38. Bc3 Rfd8 39. Bb4 Qc7 40. d5
Be5 41. f4 Bg7 42. Bc5 h6 43. Rb1 Rb8 44. Rxb8 Rxb8 45. Bd4 Rb1+ 46. Kg2 Bxd4
47. Qxd4+ Qg7 48. Qxg7+ Kxg7 49. Bd7 Kf6 50. g4 Rb3 51. Kf3 Rd3 52. Be6 Ra3 53.
Bd7 Rd3 54. Bc6 h5 55. gxh5 gxh5 56. h4 Rd1 57. Be8 Rxd5 58. Bxh5 Rd8 59. Kg3
Rh8 60. Bf3 Re8 61. Kf2 Rb8 62. e4 Rb2+ 63. Kg3 fxe4 64. Bxe4 Rb3+ 65. Kg4 Rb8
66. h5 Rg8+ 67. Kh4 Rh8 68. Kg4 Rh6 69. Bd5 Rh8 70. Be4 Rh6 71. Bc6 Rh8 72. Bd5
Rh6 73. Be4 1/2-1/2

[Event "36. Copenhagen Open (Politiken Cup)"]
[Site "Elsinore"]
[Date "2014.07.25"]
[Round "6"]
[White "Suntharalingam, Jarani"]
[Black "Tretvold, Martin"]
[Result "0-1"]
[WhiteElo "1646"]
[BlackElo "1857"]
[PlyCount "76"]
[EventDate "2014.07.21"]
[EventType "swiss"]
[EventRounds "10"]
[EventCountry "DEN"]
[Source "ChessBase"]
[SourceDate "2014.08.29"]

1. e4 d5 2. exd5 Nf6 3. Nf3 Nxd5 4. b3 Nc6 5. h3 Bf5 6. a3 e5 7. Bb2 f6 8. Be2
Bd6 9. Nc3 Nf4 10. Rg1 g5 11. Nh2 Qe7 12. Bg4 Bg6 13. g3 h5 14. gxf4 hxg4 15.
Nd5 Qe6 16. Nxg4 O-O-O 17. c4 Bd3 18. Qf3 f5 19. Qxd3 exf4+ 20. Nge3 fxe3 21.
Qxe3 Qf7 22. O-O-O Bf4 23. Qf3 Rhe8 24. h4 Ne5 25. Bxe5 Bxe5 26. Rxg5 f4 27.
Qg4+ Kb8 28. Rf5 Qe6 29. Nxf4 Qd7 30. Qg5 Qd4 31. Nd3 Qa1+ 32. Kc2 Qa2+ 33. Kc1
Qxa3+ 34. Kc2 Rxd3 35. Rxe5 Qxb3+ 36. Kc1 Qxc4+ 37. Kb2 Rb3+ 38. Ka2 Qa4# 0-1

[Event "36. Copenhagen Open (Politiken Cup)"]
[Site "Elsinore"]
[Date "2014.07.25"]
[Round "6"]
[White "Svane, Frederik"]
[Black "Thomsen, Kim"]
[Result "1/2-1/2"]
[WhiteElo "1824"]
[BlackElo "1994"]
[PlyCount "81"]
[EventDate "2014.07.21"]
[EventType "swiss"]
[EventRounds "10"]
[EventCountry "DEN"]
[Source "ChessBase"]
[SourceDate "2014.08.29"]

1. e4 c5 2. Nf3 Nc6 3. Bb5 g6 4. Bxc6 bxc6 5. O-O Bg7 6. d3 d6 7. Nc3 Rb8 8. h3
Ba6 9. Qe2 e5 10. Nh2 Nf6 11. Rb1 O-O 12. Be3 Re8 13. b3 Qa5 14. Qd2 Kh8 15.
Na4 Qc7 16. Bh6 Bxh6 17. Qxh6 c4 18. Qh4 Qe7 19. dxc4 d5 20. exd5 cxd5 21. Nc5
Rb6 22. Nxa6 Rxa6 23. cxd5 Rxa2 24. c4 Nxd5 25. Qxe7 Nxe7 26. Rfe1 Nc6 27. Nf3
a5 28. Ng5 f5 29. Nf7+ Kg7 30. Nd6 Rf8 31. c5 Rc2 32. Rec1 Rxc1+ 33. Rxc1 Nd4
34. Kf1 Nxb3 35. Rc3 Nd4 36. c6 Ne6 37. c7 Nxc7 38. Rxc7+ Kf6 39. Nc4 Ra8 40.
Rc6+ Kg5 41. Na3 1/2-1/2

[Event "36. Copenhagen Open (Politiken Cup)"]
[Site "Elsinore"]
[Date "2014.07.25"]
[Round "6"]
[White "Svane, Minna"]
[Black "Quiroga, Walter Gonzalo"]
[Result "0-1"]
[WhiteElo "1278"]
[BlackElo "1553"]
[PlyCount "60"]
[EventDate "2014.07.21"]
[EventType "swiss"]
[EventRounds "10"]
[EventCountry "DEN"]
[Source "ChessBase"]
[SourceDate "2014.08.29"]

1. e4 c5 2. Nf3 d6 3. Bb5+ Bd7 4. Nc3 Nc6 5. Qe2 a6 6. Ba4 Nf6 7. O-O g6 8. Bb3
Nd4 9. Qd3 Nxf3+ 10. Qxf3 Bg7 11. Nd5 O-O 12. a4 e6 13. Nxf6+ Qxf6 14. Qe2 Bh6
15. c4 Bc6 16. Bc2 Qd4 17. Rb1 d5 18. b3 dxe4 19. Bb2 Qxd2 20. Qxd2 Bxd2 21.
Rfd1 e3 22. fxe3 Bxe3+ 23. Kh1 Rad8 24. Bf6 Rxd1+ 25. Rxd1 Bh6 26. Rd6 Bg7 27.
Be7 Re8 28. Bg5 e5 29. Be3 e4 30. Bxe4 Bf8 0-1

[Event "36. Copenhagen Open (Politiken Cup)"]
[Site "Elsinore"]
[Date "2014.07.25"]
[Round "6"]
[White "Svedberg, Hans"]
[Black "Thybo, Jesper Sondergaard"]
[Result "0-1"]
[WhiteElo "1997"]
[BlackElo "2121"]
[PlyCount "122"]
[EventDate "2014.07.21"]
[EventType "swiss"]
[EventRounds "10"]
[EventCountry "DEN"]
[Source "ChessBase"]
[SourceDate "2014.08.29"]

1. e4 c5 2. b3 d6 3. Bb2 Nf6 4. Bb5+ Nbd7 5. Bxd7+ Bxd7 6. d3 g6 7. Nf3 Bg7 8.
O-O Bc6 9. Nbd2 b5 10. Qe2 O-O 11. c4 e6 12. g3 Re8 13. Rfe1 Qc8 14. Nh4 Qb7
15. Rab1 Rad8 16. f3 a6 17. Qf2 Qc7 18. Nf1 bxc4 19. dxc4 Qa5 20. Ba1 g5 21.
Ng2 g4 22. fxg4 Nxe4 23. Qc2 Ng5 24. Re2 Bf3 25. Bxg7 Kxg7 26. h4 Nh3+ 27. Kh2
Bxg4 28. Nfe3 h5 29. Nxg4 hxg4 30. Rf1 d5 31. cxd5 Rxd5 32. Qe4 f5 33. Qe3 Qc7
34. Qc3+ Kf7 35. Rfe1 Qd6 36. Qc1 Rd3 37. Re5 Kg7 38. Qxc5 Qxc5 39. Rxc5 Nf2
40. Nf4 Rd2 41. Re2 Rxe2 42. Nxe2 Rd8 43. Rc2 Rd6 44. Kg2 Nd1 45. Kg1 Kf6 46.
Nc1 Ne3 47. Re2 Nc4 48. Kf2 Nd2 49. Kg2 Ne4 50. Rb2 Nc3 51. Kh2 e5 52. Ne2 Nxe2
53. Rxe2 f4 54. gxf4 exf4 55. Rc2 Kf5 56. b4 Rd3 57. a4 Rh3+ 58. Kg1 g3 59. b5
axb5 60. axb5 f3 61. b6 g2 0-1

[Event "36. Copenhagen Open (Politiken Cup)"]
[Site "Elsinore"]
[Date "2014.07.25"]
[Round "6"]
[White "Tallaksen, Henrik G"]
[Black "Hagen, Thorolf"]
[Result "1-0"]
[WhiteElo "1771"]
[BlackElo "1658"]
[PlyCount "105"]
[EventDate "2014.07.21"]
[EventType "swiss"]
[EventRounds "10"]
[EventCountry "DEN"]
[Source "ChessBase"]
[SourceDate "2014.08.29"]

1. e4 e5 2. Nf3 Nc6 3. d4 exd4 4. Bc4 d6 5. Nxd4 Nf6 6. Nc3 Be7 7. O-O O-O 8.
Nxc6 bxc6 9. f4 Be6 10. Bd3 d5 11. e5 Bc5+ 12. Kh1 Ng4 13. Qe2 Qh4 14. g3 Qh3
15. Na4 Be7 16. Qg2 Qxg2+ 17. Kxg2 d4 18. Be4 Bd7 19. h3 Nh6 20. f5 Rab8 21. b3
c5 22. f6 Bd8 23. Nxc5 Bc8 24. Bxh6 gxh6 25. Rad1 Rb5 26. Nd3 c5 27. Rf4 Bb7
28. Bxb7 Rxb7 29. Nxc5 Rb5 30. Rfxd4 Bb6 31. b4 Bxc5 32. bxc5 Rxc5 33. Rd8
Rxc2+ 34. Kf3 Rc8 35. Rxf8+ Kxf8 36. Rd3 Ke8 37. Kg4 Rc4+ 38. Kh5 Re4 39. Kxh6
Rxe5 40. Rf3 Kd7 41. Kxh7 Ke6 42. h4 Rh5+ 43. Kg7 Re5 44. Kh6 a5 45. a4 Re4 46.
Rf4 Rxf4 47. gxf4 Kxf6 48. h5 Kf5 49. Kg7 Kxf4 50. h6 f5 51. h7 Kg3 52. h8=Q f4
53. Qb8 1-0

[Event "36. Copenhagen Open (Politiken Cup)"]
[Site "Elsinore"]
[Date "2014.07.25"]
[Round "6"]
[White "Tandrup, Michael"]
[Black "Andersen, Dag"]
[Result "0-1"]
[WhiteElo "2019"]
[BlackElo "1862"]
[PlyCount "110"]
[EventDate "2014.07.21"]
[EventType "swiss"]
[EventRounds "10"]
[EventCountry "DEN"]
[Source "ChessBase"]
[SourceDate "2014.08.29"]

1. d4 Nf6 2. Nf3 e6 3. Bf4 c5 4. c3 Nc6 5. e3 cxd4 6. exd4 d6 7. Bd3 Be7 8. O-O
a6 9. Nbd2 O-O 10. Qc2 h6 11. a4 b6 12. Ne4 Bb7 13. Nxf6+ Bxf6 14. Rad1 Ne7 15.
Nd2 Nd5 16. Bg3 Rc8 17. Qb1 Bh4 18. Be4 Bxg3 19. hxg3 Qc7 20. Bf3 Nf6 21. Rfe1
Bxf3 22. gxf3 Qc6 23. Qc2 Rc7 24. Ne4 Nxe4 25. Rxe4 d5 26. Rh4 f5 27. f4 Rf6
28. Re1 b5 29. axb5 axb5 30. Kg2 Ra7 31. Rhh1 b4 32. Re3 Qc4 33. Rhe1 b3 34.
Qd1 Ra6 35. Qh5 Qa4 36. g4 fxg4 37. Qxg4 Qd7 38. Qe2 Rb6 39. Rf3 Qf7 40. Qe3
Ra6 41. Qe5 Rb6 42. Rh1 Rf5 43. Qe3 Ra6 44. Rg3 Kh8 45. Rg4 Ra2 46. Qd2 Rf6 47.
Kg3 Rg6 48. f3 Qf5 49. Rh2 Ra1 50. Qe3 Rd1 51. Rg5 Rd3 52. Qe5 Rxg5+ 53. fxg5
Rxf3+ 54. Kh4 Rf4+ 55. Kh5 Qf7+ 0-1

[Event "36. Copenhagen Open (Politiken Cup)"]
[Site "Elsinore"]
[Date "2014.07.25"]
[Round "6"]
[White "Tari, Aryan"]
[Black "Weeks, Manuel William"]
[Result "1-0"]
[WhiteElo "2412"]
[BlackElo "2206"]
[PlyCount "63"]
[EventDate "2014.07.21"]
[EventType "swiss"]
[EventRounds "10"]
[EventCountry "DEN"]
[Source "ChessBase"]
[SourceDate "2014.08.29"]

1. d4 Nf6 2. c4 e6 3. Nf3 Bb4+ 4. Nbd2 b6 5. a3 Bxd2+ 6. Qxd2 Bb7 7. e3 Ne4 8.
Qc2 O-O 9. Be2 f5 10. O-O d6 11. b4 Nd7 12. d5 e5 13. Nd2 Nxd2 14. Bxd2 Qe7 15.
f3 Rae8 16. a4 f4 17. e4 Rf6 18. Rfc1 Rh6 19. Be1 Qg5 20. a5 Qh5 21. h3 Nf6 22.
axb6 axb6 23. Bf1 Qg6 24. Kh1 Nh5 25. Ra7 Bc8 26. Rxc7 Ng3+ 27. Bxg3 Qxg3 28.
Qe2 Rg6 29. Qe1 Qg5 30. Qf2 Qd8 31. Qxb6 Qh4 32. Qc6 1-0

[Event "36. Copenhagen Open (Politiken Cup)"]
[Site "Elsinore"]
[Date "2014.07.25"]
[Round "6"]
[White "Thogersen, Rasmus"]
[Black "Stojanovski, Sandi"]
[Result "1-0"]
[WhiteElo "2089"]
[BlackElo "2230"]
[PlyCount "109"]
[EventDate "2014.07.21"]
[EventType "swiss"]
[EventRounds "10"]
[EventCountry "DEN"]
[Source "ChessBase"]
[SourceDate "2014.08.29"]

1. e4 e5 2. Nf3 Nc6 3. Bb5 a6 4. Ba4 Nf6 5. O-O Be7 6. Re1 b5 7. Bb3 d6 8. c3
O-O 9. h3 Nb8 10. d4 Nbd7 11. Nbd2 Bb7 12. Bc2 Re8 13. Nf1 Bf8 14. Ng3 g6 15.
a4 c5 16. d5 c4 17. Nh2 Qc7 18. Ng4 Nxg4 19. hxg4 Nc5 20. g5 Bg7 21. Nf1 Rab8
22. Ne3 Bc8 23. g3 f6 24. Ng4 fxg5 25. Bxg5 Bxg4 26. Qxg4 bxa4 27. Bxa4 Rf8 28.
Re2 Bf6 29. Be3 Bd8 30. Bc6 Qa7 31. Ra4 Bb6 32. Rxc4 Rf7 33. Rb4 a5 34. Rb5 Qc7
35. b4 axb4 36. cxb4 Nb3 37. Qe6 Bxe3 38. Rxb8+ Qxb8 39. Be8 Bh6 40. Bxf7+ Kf8
41. Rc2 Nc5 42. Qf6 Bg7 43. Qf3 Ke7 44. Be6 Bf6 45. Rc4 Nxe6 46. dxe6 Kxe6 47.
Qb3 Kd7 48. b5 Bd8 49. Rc6 Ke7 50. b6 Qb7 51. Qd5 Qd7 52. Kg2 h5 53. b7 Bc7 54.
Rc3 Qd8 55. Qc6 1-0